000 01075cam a2200301 i 4500
001 23739821
003 MY-SjTCS
005 20250519103018.0
008 240618t20242024caua b 001 0 eng d
020 _a9781098146962
_qpaperback
035 _a(OCoLC)on1398211139
040 _aYDX
_beng
_cYDX
_dMY-SjTCS
_erda
082 0 4 _a004.21
_bYAB 2024
100 1 _aYablonski, Jon
_eauthor.
_9308510
245 1 0 _aLaws of UX :
_busing psychology to design better products & services /
_cJon Yablonski.
250 _aSecond edition.
264 1 _aSebastopol, CA :
_bO'Reilly Media, Inc.,
_c2024.
264 4 _c©2024
300 _axvi, 164 pages :
_billustrations (chiefly color) ;
_c23 cm
336 _atext
_2rdacontent
337 _aunmediated
_2rdamedia
338 _avolume
_2rdacarrier
504 _aIncludes bibliographical references and index.
650 0 _aUser-centered system design
_930906
650 0 _aHuman-computer interaction
_xPsychological aspects
_9308158
650 0 _aUser interfaces (Computer systems)
_xDesign
_9308512
920 _aSDPS : 338404, 338405
999 _c192189